[Event "AUTO-OPEN-2775"]
[Site "http://www.queenalice.com/game.php?id=1096818"]
[Date "2012.8.27"]
[Round "1"]
[White "maurice91"]
[Black "william_1987br"]
[Result "1-0"]
[WhiteElo "1784"]
[BlackElo "1606"]

1. d4 d5 2. c4 Nf6 3. Nc3 c6 4. Nf3 Bf5 5. Bg5 Ne4 6. Nxe4 Bxe4 7. e3 f6 8. Bh4
g5 9. Bg3 Na6 10. cxd5 cxd5 11. Bxa6 bxa6 12. Rc1 h5 13. Bc7 Qd7 14. O-O g4 15.
Nd2 Rc8 16. Nxe4 Rxc7 17. Rxc7 Qxc7 18. Nc5 e5 19. Qa4+ Ke7 20. Qxa6 Rh6 21.
Qe6+ Kd8 22. Qxd5+ Kc8 23. Ne6 Qe7 24. Rc1+ Kb8 25. Qb5+ 1-0

[Event "AUTO-OPEN-2775"]
[Site "http://www.queenalice.com/game.php?id=1096819"]
[Date "2012.8.27"]
[Round "1"]
[White "william_1987br"]
[Black "maurice91"]
[Result "0-1"]
[WhiteElo "1616"]
[BlackElo "1774"]

1. e4 c6 2. Nf3 g6 3. d4 Bg7 4. e5 d5 5. b3 Bg4 6. c4 dxc4 7. bxc4 Bxf3 8. Be2
Bxg2 9. Rg1 Be4 10. Bd3 Bxd3 11. Qxd3 Na6 12. Nc3 e6 13. Ba3 Bxe5 14. Rd1 Bg7
15. f4 Bxd4 16. Qxd4 Qxd4 17. Rxd4 Ne7 18. Ne4 Nf5 19. Nd6+ Nxd6 20. Rxd6 Rd8
21. Rxd8+ Kxd8 22. h4 c5 23. Rg5 b6 24. Kd2 h6 25. Re5 Ke7 26. Re3 Rd8+ 0-1

[Event "AUTO-OPEN-2775"]
[Site "http://www.queenalice.com/game.php?id=1096840"]
[Date "2012.8.27"]
[Round "1"]
[White "saturnin"]
[Black "william_1987br"]
[Result "1-0"]
[WhiteElo "1493"]
[BlackElo "1394"]

1. b4 e5 2. a3 d5 3. g3 e4 4. Bb2 f6 5. Bg2 c5 6. bxc5 Bxc5 7. e3 g5 8. d3 exd3
9. Qxd3 Be6 10. Qb5+ Nd7 11. Ne2 b6 12. Nbc3 a6 13. Qc6 Bf5 14. Bxd5 Rc8 15. Qb7
Bxc2 16. Qxa6 Nb8 17. Qb5+ Qd7 18. Qc4 Bf5 19. Rd1 1-0

[Event "AUTO-OPEN-2775"]
[Site "http://www.queenalice.com/game.php?id=1096841"]
[Date "2012.8.27"]
[Round "1"]
[White "william_1987br"]
[Black "saturnin"]
[Result "0-1"]
[WhiteElo "1369"]
[BlackElo "1505"]

1. e4 e5 2. Nf3 d6 3. Bc4 g6 4. O-O Nf6 5. d3 Bg7 6. c3 O-O 7. b4 c6 8. a4 Re8
9. b5 d5 10. exd5 Nxd5 11. Qd2 Nf4 12. d4 Bh6 13. Qa2 Ne2+ 14. Bxe2 Bxc1 15.
Rxc1 cxb5 16. axb5 Nd7 17. d5 Nc5 18. Nbd2 f6 19. c4 e4 0-1

[Event "AUTO-INT-2418"]
[Site "http://www.queenalice.com/game.php?id=1096964"]
[Date "2012.8.27"]
[Round "1"]
[White "JeanCanada"]
[Black "william_1987br"]
[Result "1-0"]
[WhiteElo "1562"]
[BlackElo "1597"]

1. e4 e5 2. Nf3 Nc6 3. d4 d6 4. Bb5 Bd7 5. Bxc6 Bxc6 6. dxe5 dxe5 7. Nxe5 Bxe4
8. Qe2 Qd5 9. f4 Bxg2 10. Rg1 Be4 11. Nc3 Bb4 12. Bd2 Bxc2 13. Rxg7 Ne7 14. Nxd5
Nxd5 15. Nxf7+ Kf8 16. Qe5 Rg8 17. Rxg8+ Kxg8 18. Nh6+ Kf8 19. Qxd5 Bxd2+ 20.
Kxd2 Bg6 21. f5 Bh5 22. Qg8+ Ke7 23. Qxa8 Kf6 24. Qf8+ Kg5 25. Rg1+ Kf4 26. Re1
b6 27. f6 1-0

[Event "AUTO-INT-2418"]
[Site "http://www.queenalice.com/game.php?id=1096965"]
[Date "2012.8.27"]
[Round "1"]
[White "william_1987br"]
[Black "JeanCanada"]
[Result "1-0"]
[WhiteElo "1629"]
[BlackElo "1495"]

1. e4 e5 2. Nf3 d5 3. Nc3 d4 4. Ne2 d3 5. cxd3 Qxd3 6. Nxe5 Qxe4 7. Nf3 Bc5 8.
d3 Qb4+ 9. Bd2 Qxb2 10. Ng5 Bg4 11. f3 Qb6 12. Qc1 Bf2+ 13. Kd1 Qf6 14. fxg4 Bd4
15. Rb1 Bc5 16. Qxc5 Qd8 17. Bb4 Qxd3+ 18. Kc1 Nd7 19. Qxc7 b5 20. Nf4 Qg6 21.
Nxg6 h6 22. Nxh8 Ngf6 23. Bxb5 a5 24. Bd6 Rd8 25. Re1+ 1-0

[Event "AUTO-INT-2418"]
[Site "http://www.queenalice.com/game.php?id=1096980"]
[Date "2012.8.27"]
[Round "1"]
[White "william_1987br"]
[Black "Duduca10"]
[Result "0-1"]
[WhiteElo "1467"]
[BlackElo "1680"]

1. e4 e5 2. Nf3 Nf6 3. Nc3 d6 4. Bc4 c6 5. d4 exd4 6. Qxd4 c5 7. Qe3 Nc6 8. a3
Qa5 9. Bd2 Qd8 10. Nd5 a6 11. b4 Be7 12. O-O b5 13. Bd3 c4 14. Nb6 Ng4 15. Qf4
Rb8 16. Nxc8 Qxc8 17. Be2 O-O 18. c3 h6 0-1

[Event "AUTO-INT-2418"]
[Site "http://www.queenalice.com/game.php?id=1096981"]
[Date "2012.8.27"]
[Round "1"]
[White "Duduca10"]
[Black "william_1987br"]
[Result "1-0"]
[WhiteElo "1672"]
[BlackElo "1475"]

1. e4 e5 2. Nf3 Nc6 3. Bc4 Nf6 4. d3 Bc5 5. c3 d6 6. h3 O-O 7. O-O a6 8. b4 Bb6
9. a4 a5 10. b5 Ne7 11. Be3 Bxe3 12. fxe3 Be6 13. Ba2 c5 14. c4 b6 15. Nc3 d5
16. exd5 Bf5 17. Nxe5 g5 18. e4 Bg6 19. Rxf6 1-0

[Event "AUTO-INT-2418"]
[Site "http://www.queenalice.com/game.php?id=1096982"]
[Date "2012.8.27"]
[Round "1"]
[White "william_1987br"]
[Black "huviga2012"]
[Result "0-1"]
[WhiteElo "1346"]
[BlackElo "1505"]

1. e4 e5 2. Nf3 d5 3. d3 dxe4 4. dxe4 Nc6 5. Bc4 Qxd1+ 6. Kxd1 Bg4 7. Nd2 Nd4 8.
h3 Bxf3+ 9. Nxf3 Nxf3 10. gxf3 Nf6 11. b3 Bb4 12. Be3 O-O-O+ 13. Ke2 Nh5 14.
Rhg1 Rhf8 15. Rg5 Bc3 0-1

[Event "AUTO-INT-2418"]
[Site "http://www.queenalice.com/game.php?id=1096983"]
[Date "2012.8.27"]
[Round "1"]
[White "huviga2012"]
[Black "william_1987br"]
[Result "1-0"]
[WhiteElo "1495"]
[BlackElo "1356"]

1. e4 e5 2. Nf3 Nc6 3. Nc3 Bc5 4. Bc4 d6 5. Nd5 Be6 6. d3 f5 7. Bg5 Qd7 8. exf5
Bxf5 9. Qe2 Nb4 10. Nxb4 Bxb4+ 11. c3 Bc5 12. d4 Bb6 13. dxe5 d5 14. O-O-O Qa4
15. Bxd5 Ne7 16. Bb3 Qc6 17. Rd2 Be6 18. Nd4 1-0

[Event "AUTO-INT-2451"]
[Site "http://www.queenalice.com/game.php?id=1108195"]
[Date "2012.9.30"]
[Round "1"]
[White "robsonsouza"]
[Black "william_1987br"]
[Result "1-0"]
[WhiteElo "1602"]
[BlackElo "1580"]

1. e4 e5 2. Nf3 Nc6 3. g3 Bc5 4. d3 Nf6 5. Bg2 O-O 6. O-O a5 7. Bg5 d6 8. Bxf6
Qxf6 9. Nc3 Nb4 10. Nd5 Nxd5 11. exd5 c6 12. dxc6 bxc6 13. Nh4 d5 14. c4 d4 15.
a3 Bb7 16. Qe1 Bd6 17. a4 1-0

[Event "AUTO-INT-2451"]
[Site "http://www.queenalice.com/game.php?id=1108196"]
[Date "2012.9.30"]
[Round "1"]
[White "william_1987br"]
[Black "robsonsouza"]
[Result "0-1"]
[WhiteElo "1565"]
[BlackElo "1617"]

1. e4 e5 2. Nf3 d6 3. Bc4 Bg4 4. O-O Nc6 5. d3 Nd4 6. Nbd2 Bxf3 7. gxf3 Nh6 8.
c3 Nc6 9. b4 g6 10. Qa4 Bg7 11. b5 Ne7 12. Nb3 O-O 13. f4 exf4 14. d4 c6 15.
Bxf4 cxb5 16. Qxb5 Ng4 17. f3 Nf6 0-1

[Event "AUTO-INT-2451"]
[Site "http://www.queenalice.com/game.php?id=1108215"]
[Date "2012.9.30"]
[Round "1"]
[White "william_1987br"]
[Black "Ettedualc"]
[Result "0-1"]
[WhiteElo "1484"]
[BlackElo "1656"]

1. e4 g6 2. d4 Bg7 3. e5 d6 4. f4 dxe5 5. fxe5 c5 6. Be3 cxd4 7. Bxd4 Nc6 8. Nf3
Nxd4 9. Qxd4 Qxd4 10. Nxd4 Bxe5 11. c3 Bxd4 12. cxd4 Nf6 13. Nd2 Bf5 0-1

[Event "AUTO-INT-2451"]
[Site "http://www.queenalice.com/game.php?id=1108216"]
[Date "2012.9.30"]
[Round "1"]
[White "Ettedualc"]
[Black "william_1987br"]
[Result "1-0"]
[WhiteElo "1646"]
[BlackElo "1494"]

1. g4 e5 2. Bg2 c6 3. d4 Bd6 4. g5 g6 5. h4 Ne7 6. Nc3 O-O 7. d5 c5 8. Ne4 Qb6
9. Nf6+ Kg7 10. Ne4 Nf5 11. Nxd6 Qxd6 12. e4 1-0

[Event "AUTO-INT-2477"]
[Site "http://www.queenalice.com/game.php?id=1119045"]
[Date "2012.11.5"]
[Round "1"]
[White "william_1987br"]
[Black "thierry901"]
[Result "0-1"]
[WhiteElo "1404"]
[BlackElo "1550"]

1. e4 e5 2. Nf3 d6 3. Bc4 Be6 4. Bxe6 fxe6 5. O-O Nf6 6. d3 Nc6 7. Be3 d5 8. d4
Qd6 9. c3 Nxe4 10. b4 exd4 0-1